00642nam a2200169 a 4500003000200000005001700002008004100019050002600060100002000086245009300106260009000199300002300289504004100312650004800353650003600401650003500437020250415135556.0060801s19uu xx 00 eng d aPHS HQ 756b.J67 2006 aJose, Joemar M. aThe Effects of paternal absentia on the behavior of S.I.S.C. students /cJoemar M. Jose. aLas Piñas City, Philippines :bSouthville International School and Colleges,c2006. a44 pages ;c28 cm. aIncludes bibliographical references. aFatherless familiesxPsychological aspects. aHigh school studentsxBehavior. aParent and childxPhilippines.